| 000 | 00560nam a2200217 a 4500 | ||
|---|---|---|---|
| 001 | 23179 | ||
| 003 | CO-ViMGA | ||
| 008 | 141112s2004 ck r 000 u spa d | ||
| 020 | _a97072929249 | ||
| 040 |
_aCO-ViMGA _bspa _cCO-ViMGA |
||
| 082 | 0 | 4 | _a153.4 H857f |
| 100 | 1 |
_aHunt, Reed _933404 |
|
| 245 | 1 | 0 | _aFundamentos de psicologia cognitiva |
| 260 |
_aMéxico : _bManual moderno |
||
| 300 | _a459p. | ||
| 650 | 1 | 4 |
_aCOGNICION _951698 |
| 650 | 1 | 4 |
_aEMOCIONES _91815 |
| 650 | 1 | 4 |
_aMEMORIA _91063 |
| 650 | 1 | 4 |
_aPSICOLOGIA COGNITIVA _927355 |
| 942 |
_2ddc _cBK |
||
| 999 |
_c31432 _d31432 |
||